000 00309nam a22001337a 4500
008 170814b xxu||||| |||| 00| 0 eng d
020 _a9780697059185
041 _aeng
080 _23RD
_a51
100 _a36
101 _aMAT
245 _aMATHEMATICS FOR ELEMNTARY TEACHERS
_cBENNETT,A.B
942 _2udc
_cBK
999 _c23345
_d23345